000 00935nam a22003377a 4500
001 BR2011001784
003 BR-BrBNA
005 20230928103626.0
007 ta
008 230509b bl.||||| |||| 00| 0 por d
040 _aBR-BrBNA
_bpor
_cBiblioteca Nacional de Agricultura
041 _a(Por)
072 _aF01; E71
_b1122
090 _ 1122 BR2011001784
110 1 _aInstituto Brasileiro de Frutas, São Paulo, SP (Brasil)
_95774
110 1 _aBrasilian Fruit, São Paulo, SP (Brasil)
245 1 _aManual de controle operacional para exportação do papaia
260 3 _aSão Paulo, SP (Brasil):
300 _a47 p.
650 _aMAMÃO
650 _aMERCADO MUNDIAL
650 _aACONDICIONAMENTO
650 _aEMBALAGEM
650 _aETIQUETAGEM
650 _aPOLUENTE
650 _aIMPORTAÇÃO
650 _aCOLHEITA
650 _aPRE-COLHEITA
909 _a202309
_bLucia
_c55
_dLucia Elande
942 _cBK
999 _c75863
_d75863